Fedón /
Guardado en:
| Autor Principal: | |
|---|---|
| Otros Autores: | |
| Formato: | Libro |
| Publicado: |
Buenos Aires :
Aguilar,
1964
|
| Edición: | 4a. ed. |
| Series: | Biblioteca de Iniciación filosófica
|
| Materias: | |
| Etiquetas: |
Agregar Etiqueta
Sin Etiquetas, Sea el primero en etiquetar este registro!
|
| LEADER | 00621nam a22002175a 4500 | ||
|---|---|---|---|
| 001 | CEM.cems009078 | ||
| 005 | 20090907130431.0 | ||
| 008 | 130507s1964##################000#0#####d | ||
| 003 | CEMS | ||
| 082 | 0 | 4 | |a 184 |
| 100 | 1 | |a Platón | |
| 245 | 1 | 0 | |a Fedón / |c Platón ; traducción de Luis Gil Fernández |
| 250 | |a 4a. ed. | ||
| 260 | |a Buenos Aires : |b Aguilar, |c 1964 | ||
| 300 | |a 161 p. | ||
| 490 | 0 | |a Biblioteca de Iniciación filosófica | |
| 653 | |a Filosofía | ||
| 653 | |a Filosofía antigua | ||
| 653 | |a Platón | ||
| 700 | 1 | |a Gil Fernández, Luis, trad. | |
| 859 | |a CEMS |b BIB. CEMS - 11 de abril |h 184 |i P697-1a4 |p 8412.80 |t Ej.1 | ||
